[Event "17th Godesberg Open"]
[Site "Bonn GER"]
[Date "2013.08.07"]
[Round "5.12"]
[White "Eigemann,Frederik"]
[Black "Engel,Johann"]
[Result "1-0"]
[WhiteElo "2016"]
[BlackElo "1705"]

1.d4 Nf6 2.Bg5 g6 3.Bxf6 exf6 4.e3 Bg7 5.g3 d6 6.Bg2 c6 7.c4 Nd7 8.Nc3 Nb6
9.b3 Be6 10.Nge2 d5 11.c5 Nc8 12.b4 Ne7 13.O-O O-O 14.b5 Qd7 15.bxc6 bxc6
16.Nc1 Rab8 17.Nd3 Rb7 18.Qd2 Rfb8 19.Rfb1 Qc7 20.Rxb7 Rxb7 21.Rb1 Rxb1+
22.Nxb1 Bf5 23.Bf1 Qb7 24.Nc3 Bf8 25.Qb2 Qxb2 26.Nxb2 Bh6 27.Be2 Kf8 28.Kf1 Ke8
29.Ke1 Kd7 30.Kd2 Bf8 31.Bd1 Kc7 32.Ba4 Ng8 33.f3 Be6 34.Nd3 f5 35.Nb4 Ne7
36.Nd1 g5 37.f4 gxf4 38.exf4 Bd7 39.Nd3 f6 40.Ne3 Ng8 41.Ne1 Nh6 42.Bc2 Be7
43.Nf3 Bd8 44.Nh4 Kc8 45.Nhxf5 Ba5+ 46.Ke2 Nxf5 47.Bxf5 Bxf5 48.Nxf5 Kd7
49.Ng7 Bc3 50.Kd3 Be1 51.Ke3 Bc3 52.f5 Bb2 53.Ne6 Ke7 54.Kd2 a5 55.Kc2 Ba3
56.g4 Bb4 57.Nf4 a4 58.Nd3 Ba5 59.Nb2 a3 60.Nd3 Kf7 61.Kb3 Bd2 62.Nb4 Kg7
63.Nxc6 Kh6 64.h4 Be1 65.Nd8 Bxh4 66.c6 Bg3 67.Nf7+ Kg7 68.Ne5  1-0

[Event "11th Davos Holiday Open 2013"]
[Site "Davos SUI"]
[Date "2013.08.07"]
[Round "2.7"]
[White "Buerge,R"]
[Black "Adzic,S"]
[Result "0-1"]
[WhiteElo "1979"]
[BlackElo "2142"]

1.d4 Nf6 2.Bg5 g6 3.Bxf6 exf6 4.e3 Bg7 5.c4 O-O 6.Nc3 f5 7.g3 d6 8.Nge2 Nd7
9.Bg2 Nf6 10.O-O Re8 11.Qd3 Qe7 12.b4 c6 13.a4 Ne4 14.Rab1 h5 15.b5 h4 16.bxc6 bxc6
17.d5 c5 18.Rb3 Bf6 19.Rfb1 Qe5 20.Nd1 hxg3 21.hxg3 Bd8 22.Rb8 Rxb8 23.Rxb8 Ba5
24.Rb5 Be1 25.Kf1 Bb4 26.Rb8 Nd2+ 27.Kg1 Qa1 28.Qc2 Nxc4 29.Kh2 Ne5 30.e4 Ng4+
31.Kg1 Bd7 32.Rxe8+ Bxe8  0-1

[Event "TCh-ESP CECLUB Div2"]
[Site "Ciudad Real ESP"]
[Date "2013.08.08"]
[Round "3.4"]
[White "Fidalgo Fernandez,J"]
[Black "Rivas Pastor,M"]
[Result "1/2-1/2"]
[WhiteElo "2299"]
[BlackElo "2557"]

1.d4 Nf6 2.Bg5 d5 3.Bxf6 exf6 4.e3 Be6 5.Ne2 Bd6 6.Nbc3 c6 7.Qd3 f5 8.O-O-O Nd7
9.f3 Qe7 10.Kb1 O-O-O 11.h3 h5 12.h4 Nf6 13.Nf4 Kb8 14.g3 Bc8 15.Bh3 g6 16.Rde1 Rhe8
17.Nd1 b6 18.Rh2 Bxf4 19.gxf4 c5 20.b3 Qc7 21.Bf1 Re7 22.Qd2 Bb7 23.Rg2 Nd7
24.c3 c4 25.Nb2 b5 26.b4 a5 27.a3 a4 28.Nd1 Nf6 29.Ree2 Rde8 30.Qe1  1/2-1/2

[Event "XI Miguel Najdorf Open A 2013"]
[Site "Warsaw POL"]
[Date "2013.08.08"]
[Round "4.11"]
[White "Sielicki,T"]
[Black "Malisauskas,V"]
[Result "1/2-1/2"]
[WhiteElo "1963"]
[BlackElo "2455"]

1.d4 Nf6 2.Bg5 d5 3.Bxf6 exf6 4.e3 Be6 5.Ne2 Bd6 6.g3 c6 7.Bg2 Nd7 8.Nd2 f5
9.O-O h5 10.Nf4 h4 11.c4 hxg3 12.hxg3 Bxf4 13.exf4 dxc4 14.Re1 O-O 15.Qc2 Qf6
16.Nf3 Rfd8 17.Rad1 Bd5 18.Ne5 Nxe5 19.Rxe5 g6 20.Qc3 Rd7 21.Qb4 Qd6 22.Qe1 Rad8
23.a3 Kg7 24.Bxd5 cxd5 25.Qe3 b5 26.Kg2 b4 27.g4 bxa3 28.bxa3 Rb7 29.gxf5 Rb3
30.Qe2 gxf5 31.Rxf5 Rg8 32.Re1 Kf8+ 33.Kf1 Qd7 34.Qh5 Rb6 35.Rxd5 Rd6 36.Qh6+ Rxh6
37.Rxd7 Rg4 38.Rxa7 Rxf4 39.Ree7 Rh2 40.Kg1 Rhxf2 41.Rec7 Rc2 42.d5 Rd2 43.Ra4 Rxd5
44.Raxc4 Rg5+ 45.Kh2 Rf2+ 46.Kh3 Rf3+ 47.Kh4 Rgg3 48.Rc8+ Kg7 49.Rg4+ Rxg4+
50.Kxg4 Rxa3  1/2-1/2

[Event "HZ Open 2013"]
[Site "Vlissingen NED"]
[Date "2013.08.09"]
[Round "8.10"]
[White "Freeke,M"]
[Black "Huschenbeth,N"]
[Result "1-0"]
[WhiteElo "2332"]
[BlackElo "2542"]

1.d4 Nf6 2.Bg5 c5 3.Nc3 cxd4 4.Qxd4 Nc6 5.Qh4 e6 6.O-O-O Be7 7.e4 d6 8.f4 Qa5
9.Qe1 h6 10.Bh4 g5 11.fxg5 hxg5 12.Bg3 e5 13.Nf3 g4 14.Nd2 Be6 15.Kb1 O-O-O
16.Nc4 Qc5 17.Bf2 Nd4 18.b3 Kb8 19.Nd5 Nxe4 20.Nxe7 d5 21.Bg1 dxc4 22.Qxe4 Nb5
23.Re1 Nc3+ 24.Kb2 Nxe4 25.Bxc5 c3+ 26.Ka3 Nxc5 27.Rxe5 Nd7 28.Rb5 Nb6 29.Bd3 Rd7
30.Nf5 Nd5 31.Ng7 a6 32.Rc5 b6 33.Nxe6 fxe6 34.Rc6 g3 35.h4 Rh6 36.Be4 Nc7
37.Rxb6+ Kc8 38.Rc6 Kd8 39.Bd3 Nd5 40.Rh3 Rg7 41.Rxa6 Rg4 42.Ra4 Nf4 43.Be2 Nxe2
44.Rxg4 e5 45.Rhxg3  1-0

[Event "2nd Washington Int"]
[Site "Rockville USA"]
[Date "2013.08.11"]
[Round "9.17"]
[White "Almeida Saenz,A"]
[Black "Adithya,B"]
[Result "0-1"]
[WhiteElo "2352"]
[BlackElo "2311"]

1.d4 Nf6 2.Bg5 d5 3.Bxf6 exf6 4.e3 Be6 5.g3 h5 6.h4 Bg4 7.Qd3 c6 8.Nd2 Bd6
9.Bh3 Qc8 10.Bxg4 Qxg4 11.Ne2 Na6 12.c3 O-O 13.O-O-O c5 14.Nf4 cxd4 15.f3 Qc8
16.exd4 Nb4 17.Qb1 Re8 18.a3 Nc6 19.Nxd5 Nxd4 20.Qd3 Ne2+ 21.Kb1 Nxg3 22.Rhg1 Qe6
23.f4 Nf5 24.Ne4 Kf8 25.Nxd6 Nxd6 26.Nc7 Qf5 27.Nxa8 Rxa8 28.Ka2 Qxd3 29.Rxd3 Nf5
30.Rgd1 Nxh4 31.Rh3 g5 32.Rd5 Ng6 33.Rxh5 Nxf4 34.Rh8+ Kg7 35.Rxa8 Nxd5 36.Rd8 Nf4
37.c4 f5 38.b4 g4 39.c5 g3 40.Rd1 Ne2 41.Kb2 g2 42.b5 f4 43.c6 bxc6 44.bxc6 f3
45.c7 f2 46.c8=Q g1=Q 47.Qd8 Qg3 48.Qd2 Qe5+ 49.Kb3 Qe6+ 50.Kb4 Qe4+ 51.Ka5 Qe5+
52.Ka6 Nd4 53.Kxa7 Qc7+ 54.Ka8 Qc8+ 55.Ka7 Qd7+ 56.Ka8 Qd5+ 57.Kb8 Nc6+  0-1

[Event "FIDE World Cup 2013"]
[Site "Tromso NOR"]
[Date "2013.08.11"]
[Round "1.38"]
[White "Fier,A"]
[Black "Wojtaszek,R"]
[Result "1/2-1/2"]
[WhiteElo "2595"]
[BlackElo "2701"]

1.d4 Nf6 2.Bg5 d5 3.e3 c5 4.Bxf6 gxf6 5.Nc3 Nc6 6.Qh5 e6 7.Nf3 Bd7 8.Bb5 cxd4
9.exd4 Nb4 10.Bxd7+ Qxd7 11.Rc1 O-O-O 12.O-O Kb8 13.a3 Nc6 14.Nd1 Bd6 15.c4 dxc4
16.Ne3 f5 17.Rxc4 Rhg8 18.Rd1 Qe7 19.d5 Ne5 20.Nxe5 Bxe5 21.Rb4 Bd6 22.Rb3 f4
23.Nc4 Rg5 24.Qxh7 Rxd5 25.Rbd3 Bc5 26.Ne5 Bd4 27.Nxf7 e5 28.Qg6 Rf8 29.Ng5 Rd6
30.Qh5 Rg8 31.Ne4 Rdg6 32.g3 Rg4 33.Qf5 Qg7 34.Rc1 fxg3 35.Rxg3 Rxg3+ 36.hxg3 Rf8
37.Nf6 Rh8 38.Ng4 a6 39.Kg2 Bxb2 40.Rc5 Rf8 41.Qe6 Bxa3 42.Rxe5 Bb4 43.Rd5 Qe7
44.Qxe7 Bxe7 45.f4 Kc7 46.Rh5 Bb4 47.Rh7+ Kb6 48.Ne5 Rd8 49.g4 a5 50.Kf3 a4
51.g5 a3 52.Nc4+ Ka6 53.Nxa3 Bxa3 54.f5 b5 55.f6 Bb2 56.Ke4 b4 57.Kf5 Rd1
58.Rh8 Rf1+ 59.Ke6 b3 60.Rh3 Re1+ 61.Kf7 Bxf6 62.gxf6 Rb1 63.Rg3 Ka5 64.Kg7 Ka4
65.f7 Rf1 66.Rxb3 Kxb3 67.f8=Q Rxf8 68.Kxf8  1/2-1/2

[Event "XI Miguel Najdorf Open A 2013"]
[Site "Warsaw POL"]
[Date "2013.08.11"]
[Round "7.9"]
[White "Pazderski,Z"]
[Black "Flak,P"]
[Result "1-0"]
[WhiteElo "2232"]
[BlackElo "2192"]

1.d4 Nf6 2.Bg5 d5 3.e3 Ne4 4.Bf4 e6 5.Bd3 c5 6.Bxe4 dxe4 7.Nc3 cxd4 8.Qxd4 Qxd4
9.exd4 Bb4 10.Ne2 f5 11.O-O-O O-O 12.d5 Re8 13.Nb5 Na6 14.d6 Bd7 15.Nc7 Nxc7
16.dxc7 Bc6 17.Be5 Bc5 18.Nd4 Bd5 19.b3 Kf7 20.c4 Bxd4 21.Rxd4 Bc6 22.Rhd1 g5
23.Rd8 b6 24.Rxa8 Bxa8 25.Rd7+ Kg6 26.Rd8  1-0

[Event "FIDE World Cup 2013"]
[Site "Tromso NOR"]
[Date "2013.08.12"]
[Round "2.7"]
[White "Rahman,Zia"]
[Black "Gelfand,B"]
[Result "1/2-1/2"]
[WhiteElo "2470"]
[BlackElo "2764"]

1.d4 Nf6 2.Bg5 d5 3.e3 c5 4.Bxf6 gxf6 5.Nc3 e6 6.Qh5 Nd7 7.O-O-O f5 8.Bb5 Qf6
9.Nf3 a6 10.Bxd7+ Bxd7 11.Ne5 cxd4 12.Nxd7 Kxd7 13.Rxd4 Bg7 14.Rb4 b5 15.Rd1 Qg6
16.Nxd5 exd5 17.Rxd5+ Ke7 18.Qh4+ Bf6 19.Qf4 Bg5 20.Qc7+ Kf8 21.g4 fxg4 22.Rxg4 Bxe3+
23.fxe3 Qxg4 24.Qc5+ Kg7 25.Rg5+ Qxg5 26.Qxg5+ Kf8 27.b3 h6 28.Qf6 Kg8 29.e4 b4
30.e5 a5 31.e6 fxe6 32.Qg6+ Kf8 33.Qf6+ Kg8 34.Qxe6+ Kg7 35.Qe5+ Kf7 36.h4 Rhd8
37.Qf5+ Kg7 38.Qg4+ Kf7 39.h5 Rh8 40.Qf5+ Ke7 41.Kb2 Kd6 42.Qf6+ Kd5 43.Qf5+ Kd6
44.a3 bxa3+ 45.Kxa3 Raf8 46.Qd3+ Ke5 47.Qg3+ Kf5 48.Qg6+ Kf4 49.c4 Rfg8 50.Qf7+ Kg4
51.c5 Rf8 52.Qg6+ Kh4 53.c6 Rfg8 54.Qf7 Rf8 55.Qd5 Rd8 56.Qc5 Kg4 57.c7 Rdf8
58.Kb2 Ra8 59.Ka3 Raf8 60.Qd5 Rhg8 61.Qe5 Re8 62.Qd5 Ref8 63.Ka4 Ra8 64.Qd1+ Kg5
65.Kb5 Rgf8 66.Kb6 Rf6+ 67.Kb7 Rff8 68.Qd5+ Kg4 69.Qe5 Rfe8 70.Qc5 Rf8 71.Qd5 Kh4
72.Kc6 Kg4 73.Kd7 Kh4 74.Qh1+ Kg4 75.Qh2 Rf7+ 76.Kc6 Rf6+ 77.Kb7 Rff8 78.Qh1 Rfe8
79.Qa1 Kxh5 80.Qa4 Kg5 81.b4 h5 82.bxa5 h4 83.Qd7 Rh8 84.Qd5+ Kf4 85.Qd4+ Kg3
86.Qg1+ Kf3 87.a6 h3 88.Qh2 Rae8 89.a7 Reg8 90.Qh1+ Kf2 91.Qh2+ Kf3 92.Kb6 Rg6+
93.Kc5 Rh5+ 94.Kc4 Rg4+ 95.Kc3 Rc5+ 96.Kd3 Rd5+ 97.Kc3 Rc5+ 98.Kd3 Rd5+ 99.Kc2 Rc5+
100.Kd1 Rd5+ 101.Kc1 Rc5+ 102.Kb2 Rb5+ 103.Kc3  1/2-1/2

[Event "Brasschaat Open 2013"]
[Site "Brasschaat BEL"]
[Date "2013.08.19"]
[Round "3.10"]
[White "Colijn,S"]
[Black "Peleman,T"]
[Result "1/2-1/2"]
[WhiteElo "2276"]
[BlackElo "2001"]

1.d4 Nf6 2.Bg5 d5 3.Nd2 Nbd7 4.Ngf3 g6 5.e3 Bg7 6.c4 e6 7.Be2 O-O 8.h3 c6
9.b4 Re8 10.cxd5 exd5 11.O-O Qb6 12.Qb3 a5 13.a3 Nf8 14.Bf4 Ne6 15.Be5 a4
16.Qc2 Nd8 17.Bd3 Nd7 18.Bh2 Qa7 19.Rae1 f5 20.Qa2 Kh8 21.b5 Nf6 22.Ne5 c5
23.dxc5 Qxc5 24.Rc1 Qb6 25.Ndf3 Be6 26.Nd4 Bg8 27.Nef3 Re7 28.Rc2 Ne4 29.Rfc1 Nd6
30.Nd2 Ne6 31.Nxe6 Bxe6 32.Qb1 d4 33.exd4 Bxd4 34.Nf3 Bb3 35.Nxd4 Qxd4 36.Bxd6 Qxd6
37.Rc8+ Rxc8 38.Rxc8+ Kg7 39.Bf1 Qxa3 40.Qd3 Qb4 41.Qd8 Rf7 42.Bc4 Bxc4 43.Qd4+ Kh6
44.Rxc4 Qxb5 45.Qh4+  1/2-1/2

[Event "3rd Isthmia Open"]
[Site "Vrachati GRE"]
[Date "2013.08.20"]
[Round "4.4"]
[White "Kotronias,V"]
[Black "Stathopoulos,I"]
[Result "1-0"]
[WhiteElo "2578"]
[BlackElo "2248"]

1.d4 Nf6 2.Bg5 d5 3.Bxf6 gxf6 4.c4 e5 5.Nc3 Bb4 6.e3 exd4 7.Qxd4 Be6 8.cxd5 c5
9.Bb5+ Ke7 10.Qf4 Bxc3+ 11.bxc3 Qxd5 12.Nf3 Qd6 13.Qa4 Rd8 14.O-O a6 15.Bc4 Qc6
16.Qb3 b5 17.Bxe6 fxe6 18.Qb2 Rh8 19.a4 bxa4 20.Qc2 Nd7 21.Rxa4 Nb6 22.Rg4 Kf7
23.c4 Rad8 24.h4 Nd7 25.Rd1 Qc7 26.Qe4 Nf8 27.Ne5+ fxe5 28.Qf3+ Ke8 29.Rxd8+ Qxd8
30.Rg7 Qb8 31.Qf7+  1-0

[Event "12th Lichtenberger Sommer"]
[Site "Berlin GER"]
[Date "2013.08.21"]
[Round "5.38"]
[White "Schleich,T"]
[Black "Sappok,Marius"]
[Result "1-0"]
[WhiteElo "2051"]
[BlackElo "1971"]

1.d4 Nf6 2.Bg5 d5 3.e3 c6 4.Nd2 Qb6 5.Rb1 Bf5 6.Ne2 e6 7.Ng3 Bg6 8.a3 Bd6
9.Bxf6 gxf6 10.Bd3 Nd7 11.O-O Qc7 12.f4 Bxd3 13.cxd3 f5 14.Nh5 O-O-O 15.b4 Kb8
16.Nb3 Rhg8 17.Rf2 Rg6 18.Rc2 Qb6 19.Ng3 Rdg8 20.a4 a6 21.Nc5 Qd8 22.Qe1 Nf6
23.b5 cxb5 24.axb5 a5 25.b6 Ng4 26.Qxa5 Nxe3 27.Qa7+  1-0

[Event "33rd Bratto Open"]
[Site "Bratto ITA"]
[Date "2013.08.22"]
[Round "6.7"]
[White "Sulava,N"]
[Black "Verstraeten,R"]
[Result "1-0"]
[WhiteElo "2480"]
[BlackElo "2281"]

1.d4 Nf6 2.Bg5 c5 3.d5 Qb6 4.Nc3 d6 5.e4 Nbd7 6.Rb1 g6 7.Nf3 Bg7 8.Be2 h6
9.Bf4 Nxe4 10.Nxe4 Qb4+ 11.Nfd2 b5 12.O-O f5 13.c3 Qa5 14.Ng3 O-O 15.h4 c4
16.Nf3 Qxa2 17.Qd2 b4 18.Bxh6 bxc3 19.Qg5 Rf7 20.Bxg7 Rxg7 21.bxc3 Nf6 22.Nd4  1-0

[Event "15th Sants Open 2013"]
[Site "Barcelona ESP"]
[Date "2013.08.23"]
[Round "1.9"]
[White "Llopis de Aysa,M"]
[Black "Cori,J"]
[Result "0-1"]
[WhiteElo "2090"]
[BlackElo "2569"]

1.d4 Nf6 2.Bg5 g6 3.Bxf6 exf6 4.e3 Bg7 5.g3 d6 6.Bg2 O-O 7.Ne2 f5 8.O-O Nd7
9.c4 a5 10.Nbc3 c6 11.Qd3 Qe7 12.b3 Re8 13.a3 Nf6 14.b4 Ne4 15.Na4 Qd8 16.Nec3 Be6
17.c5 axb4 18.axb4 d5 19.Nb6 Rb8 20.Ne2 h5 21.Ra7 h4 22.Rfa1 hxg3 23.hxg3 g5
24.b5 f4 25.gxf4 Bf5 26.Qa3 gxf4 27.Nxf4 Qh4 28.Ra2 Bxd4 29.exd4 Qxf4 30.Qf3 Qc1+
31.Kh2 Qh6+ 32.Kg1 Ng5 33.Qd1 Kh7 34.R7a3 Rg8 35.Rg3 Ne4 36.Rxg8 Rxg8 37.f3 Qe3+
38.Kh2 Rg6  0-1

[Event "15th Sants Open 2013"]
[Site "Barcelona ESP"]
[Date "2013.08.23"]
[Round "1.5"]
[White "Svensen,T"]
[Black "Gustafsson,J"]
[Result "0-1"]
[WhiteElo "2101"]
[BlackElo "2619"]

1.d4 Nf6 2.Bg5 d5 3.Bxf6 gxf6 4.e3 c5 5.Nc3 cxd4 6.Qxd4 e6 7.O-O-O Nc6 8.Qd2 f5
9.h3 h5 10.g3 Bg7 11.Nge2 Qa5 12.Bg2 Bd7 13.Kb1 Ne5 14.Nd4 Nc4 15.Qd3 Qb4
16.Nb3 Nxb2 17.Kxb2 Rc8 18.a3 Bxc3+ 19.Ka2 Qa4  0-1

[Event "12th Lichtenberger Sommer"]
[Site "Berlin GER"]
[Date "2013.08.23"]
[Round "7.101"]
[White "Lohse,S"]
[Black "Lehmann,Tornalf"]
[Result "1-0"]
[WhiteElo "1897"]
[BlackElo "1680"]

1.d4 Nf6 2.Bg5 c5 3.Bxf6 gxf6 4.c3 Qb6 5.Qd2 Nc6 6.e3 cxd4 7.cxd4 d5 8.Nc3 e6
9.Rc1 Bd7 10.Nf3 Bh6 11.Na4 Qd8 12.Nc5 Qb6 13.Rc3 Bc8 14.Be2 a6 15.O-O Bf8
16.Rfc1 Bxc5 17.Rxc5 O-O 18.a3 Bd7 19.b4 Rfc8 20.Bd3 Ne7 21.Qe2 Qd8 22.e4 Rxc5
23.dxc5 dxe4 24.Qxe4 Ng6 25.Qxb7 Bb5 26.Bxb5 axb5 27.Qxb5 Rxa3 28.Qe2 Rb3
29.b5 Nf4 30.Qc4 Rc3 31.Qxf4 Rxc5 32.g3 Rxb5 33.Qc4 Rb8 34.Qc7 Qf8 35.Qf4 Kg7
36.Rc7 Rb4 37.Qd2 Rb1+ 38.Kg2 Rb3 39.Qd7 e5 40.Qg4+ Kh6 41.Rc8 Qg7 42.Qh3+ Kg6
43.Nh4+ Kg5 44.Rc4 h5 45.Nf5 Qf8 46.Ra4 Rb2 47.Ne3 Qe7 48.Qf5+ Kh6 49.Rh4 Qb7+
50.Kh3 Kg7 51.Rxh5 Kf8 52.Qxf6 Qd7+ 53.Nf5  1-0

[Event "33rd Bratto Open"]
[Site "Bratto ITA"]
[Date "2013.08.23"]
[Round "7.7"]
[White "Cebalo,M"]
[Black "Rambaldi,Francesco"]
[Result "1-0"]
[WhiteElo "2440"]
[BlackElo "2355"]

1.d4 Nf6 2.Bg5 c5 3.Nc3 cxd4 4.Qxd4 Nc6 5.Qh4 d6 6.O-O-O Bd7 7.e4 Rc8 8.f4 Qa5
9.a3 a6 10.Qe1 b5 11.Nf3 b4 12.Nb1 h6 13.Bh4 g5 14.fxg5 hxg5 15.Bxg5 Bg7
16.Bd3 Rb8 17.b3 Qc7 18.a4 Na5 19.e5 dxe5 20.Nbd2 e4 21.Nxe4 Nxe4 22.Qxe4 Be6
23.Qf4 Qc3 24.Qxb8+ Bc8 25.Bb5+ axb5 26.Qxb5+ Nc6 27.Rd3 Qb2+ 28.Kd1 O-O
29.Qxc6 Bf5 30.Kd2 Rc8 31.Qxc8+ Bxc8 32.Rd8+ Kh7 33.Rxc8 e5 34.Rc1 Qa2 35.g4 f6
36.Re1 Qa1 37.Rc7 e4 38.Rxg7+  1-0

[Event "28th Schwarzacher Open"]
[Site "Schwarzach AUT"]
[Date "2013.08.23"]
[Round "8.2"]
[White "Smirnov,Arte"]
[Black "Palac,M"]
[Result "0-1"]
[WhiteElo "2439"]
[BlackElo "2561"]

1.d4 Nf6 2.Bg5 d5 3.Nd2 c5 4.e3 cxd4 5.exd4 Nc6 6.c3 Bf5 7.Qb3 Na5 8.Qa4+ Nd7
9.Ngf3 a6 10.Nh4 Be6 11.Bd3 f6 12.Be3 Bf7 13.f4 e6 14.O-O Bd6 15.f5 e5 16.dxe5 b5
17.Qc2 fxe5 18.f6 Nxf6 19.Nf5 O-O 20.Bg5 e4 21.Bxe4 dxe4 22.Nxe4 Bg6 23.Bxf6 gxf6
24.Qf2 Be5 25.Rad1 Qc7 26.Kh1 Rad8 27.Rxd8 Qxd8 28.Nc5 Qb6 29.Ne7+ Kg7 30.b4 Nb7
31.Nd5 Qd6 32.Rd1 Nxc5 33.bxc5 Qe6 34.Nb6 Qg4 35.Rd7+ Rf7 36.c6 Rxd7 37.cxd7 Bc7  0-1

[Event "e2e4 Coventry Open"]
[Site "Coventry ENG"]
[Date "2013.08.24"]
[Round "2"]
[White "Hebden,M"]
[Black "Page,Mark"]
[Result "1-0"]
[WhiteElo "2545"]
[BlackElo "2077"]

1.d4 Nf6 2.Bg5 g6 3.Bxf6 exf6 4.e3 Bg7 5.g3 O-O 6.Bg2 d6 7.Ne2 Nc6 8.c4 Re8
9.Nbc3 Bg4 10.Qd2 Na5 11.b3 c5 12.h3 Bxe2 13.Nxe2 f5 14.Rd1 Nc6 15.Bxc6 bxc6
16.dxc5 dxc5 17.Qxd8 Rexd8 18.Nf4 a5 19.Ke2 Rxd1 20.Rxd1 a4 21.Nd3 axb3 22.axb3 Ra5
23.Nc1 Kf8 24.Rd7 Ke8 25.Rc7 Be5 26.Rb7 Bd6 27.Kd3 h5 28.h4 Ra1 29.Kc2 Be7
30.Nd3 Bd6 31.Nc1 Be5 32.f4 Bd6 33.Kb2 Ra8 34.Nd3 Rd8 35.Kc2 Rd7 36.Rb6 Rc7
37.b4 cxb4 38.c5 Be7 39.Kb3 f6 40.Kc4 Kd7 41.Nxb4 Bd8 42.Rb8 Ra7 43.Rxd8+  1-0

[Event "e2e4 Coventry Open"]
[Site "Coventry ENG"]
[Date "2013.08.24"]
[Round "3"]
[White "Bourne,Jo"]
[Black "Salem,I"]
[Result "0-1"]
[WhiteElo "2015"]
[BlackElo "2102"]

1.d4 Nf6 2.Bg5 c5 3.Bxf6 exf6 4.Nc3 cxd4 5.Qxd4 Nc6 6.Qe4+ Be7 7.e3 O-O 8.Bd3 g6
9.Nge2 Re8 10.O-O Ba3 11.Qf4 Bxb2 12.Rab1 Bxc3 13.Nxc3 d5 14.Rfd1 Re5 15.Nb5 Qe7
16.Nd4 Rg5 17.Bf1 Rg4 18.Qf3 Nxd4 19.exd4 Re4 20.Qb3 Qd6 21.g3 Re7 22.Bg2 Be6
23.a4 b6 24.Qb5 Rc8 25.Qb3 Rec7 26.Rb2 Rc3 27.Qb5 Rxc2 28.Rxc2 Rxc2 29.a5 bxa5
30.Qxa5 Qb6 31.Qe1 Qb2 32.Qf1 a5 33.Ra1 a4 34.Rb1 Qxd4  0-1

[Event "22nd Feffernitz Open 2013"]
[Site "Feffernitz GER"]
[Date "2013.08.24"]
[Round "8.6"]
[White "Kesik,KD"]
[Black "Strobel,M"]
[Result "1-0"]
[WhiteElo "2233"]
[BlackElo "2096"]

1.d4 Nf6 2.Bg5 d5 3.Bxf6 exf6 4.e3 c6 5.g3 Qb6 6.b3 a5 7.a3 Bd6 8.Bg2 O-O
9.Ne2 Bf5 10.Nd2 Qa6 11.c4 dxc4 12.bxc4 Re8 13.c5 Bc7 14.O-O Bd3 15.Re1 a4
16.Nc1 Ba5 17.Nxd3 Qxd3 18.Ne4 Qxd1 19.Rexd1 Rd8 20.Rab1 Rd7 21.Nd6 b6 22.Bh3 Rd8
23.Nb7 Re8 24.cxb6 Re7 25.Nxa5 Rxa5 26.Rdc1 g6 27.Bg2 Re6 28.d5  1-0

[Event "TCh-SRB 1st League w 2013"]
[Site "Kragujevac SRB"]
[Date "2013.08.24"]
[Round "1.6"]
[White "Stojanovic,Andj"]
[Black "Zivic,R"]
[Result "1-0"]
[WhiteElo "2303"]
[BlackElo "2029"]

1.d4 Nf6 2.Bg5 d5 3.e3 Ne4 4.Bf4 c5 5.Bd3 Nf6 6.c3 Nc6 7.Bg3 cxd4 8.exd4 Qb6
9.Qb3 Qxb3 10.axb3 Nh5 11.Ne2 Nxg3 12.hxg3 g6 13.Nf4 e6 14.b4 Ne7 15.Nd2 Bd7
16.Ke2 Nc8 17.Nb3 b6 18.Ra6 Rb8 19.Nd2 Rb7 20.Nf3 Nd6 21.Rha1 Nc8 22.Ne5 Bd6
23.R6a2 b5 24.Ra5 Bxe5 25.dxe5 f6 26.exf6 O-O 27.Ra6 Rb6 28.Rxb6 axb6 29.Ra8 Rxf6
30.Ke3 Rf8 31.Rb8 Re8 32.g4 Kf7  1-0

[Event "24th Porto San Giorgio Open"]
[Site "Porto San Giorgio ITA"]
[Date "2013.08.24"]
[Round "4.5"]
[White "Paltrinieri,N"]
[Black "Stella,A"]
[Result "1/2-1/2"]
[WhiteElo "2177"]
[BlackElo "2447"]

1.d4 Nf6 2.Bg5 c5 3.d5 Ne4 4.Bc1 e6 5.c4 d6 6.Nd2 exd5 7.cxd5 Nxd2 8.Bxd2 Be7
9.e4 O-O 10.Bd3 f5 11.Ne2 Nd7 12.Bc3 f4 13.g3 f3 14.Ng1 Bf6 15.Nxf3 Bxc3+
16.bxc3 Qf6 17.Be2 Qxc3+ 18.Nd2 Ne5 19.f4 Ng4 20.Rb1 Qe3 21.Rf1 Nf6 22.Rb3 Qd4
23.Rd3 Qb4 24.e5 c4 25.Rd4 dxe5 26.fxe5 Qc3 27.Rff4 g5 28.Rxc4 Qxe5 29.Nf3 Qxd5
30.Qxd5+ Nxd5 31.Rxf8+ Kxf8 32.Nxg5 h6 33.Bf3 Nb6 34.Rf4+  1/2-1/2

[Event "XXX Collado Villalba Open 2013"]
[Site "Collado Villalba ESP"]
[Date "2013.08.25"]
[Round "3.15"]
[White "Velasco Garcia,J"]
[Black "Montoya Pecurul,Marc"]
[Result "0-1"]
[WhiteElo "1944"]
[BlackElo "2068"]

1.d4 Nf6 2.Bg5 d5 3.Bxf6 exf6 4.e3 Be6 5.Nd2 c5 6.c3 Nc6 7.Ngf3 c4 8.e4 dxe4
9.Nxe4 Be7 10.Nfd2 O-O 11.Nxc4 Re8 12.Ne3 f5 13.d5 Bxd5 14.Qxd5 fxe4 15.Bc4 Qxd5
16.Bxd5 Bc5 17.Bxc6 bxc6 18.Ke2 Rab8 19.b4 Be7 20.Rhd1 g6 21.Rd4 f5 22.Rc4 Rbc8
23.Rd1 Red8 24.Rxd8+ Bxd8 25.Nc2 Bf6 26.Nd4 Bxd4 27.cxd4 Rb8 28.Kd2 Kf7 29.Kc3 Rb6
30.Rc5 Ke6 31.a4 Kd6 32.Re5 Rb7 33.Kc4 Rb8 34.h4 Rc8 35.g3 Rb8 36.h5 Rc8
37.hxg6 hxg6 38.g4 Rf8 39.gxf5 gxf5 40.Ra5 f4 41.Rh5 Re8 42.Rf5 e3 43.Rf6+ Ke7
44.Rh6 exf2 45.Rh1 Kd6 46.Rf1 Re2 47.Kd3 f3 48.b5 cxb5 49.axb5 Kd5 50.b6 axb6
51.Kc3 Ke4 52.d5 Kxd5 53.Rd1+ Ke4 54.Rf1 Ke3 55.Rd1 Re1 56.Rd3+  0-1

[Event "2nd Paleros Open"]
[Site "Paleros GRE"]
[Date "2013.08.25"]
[Round "3.4"]
[White "Azis,A"]
[Black "Athanasiadis,A"]
[Result "1-0"]
[WhiteElo "2218"]
[BlackElo "2049"]

1.d4 Nf6 2.Bg5 c5 3.Bxf6 gxf6 4.c3 Qb6 5.Qd2 e6 6.e3 f5 7.Nf3 Rg8 8.g3 d5
9.Bg2 Qa6 10.Qe2 Bd7 11.Qxa6 Nxa6 12.Ne5 cxd4 13.exd4 Bd6 14.f4 Rc8 15.Nd2 Bxe5
16.fxe5 Bb5 17.Kf2 Ke7 18.Ke3 Nb8 19.Rhc1 Nd7 20.a4 Ba6 21.Bf3 f6 22.exf6+ Nxf6
23.Rg1 Rg7 24.Rg2 Rcg8 25.Rag1 Rf8 26.Bd1 Ng4+ 27.Bxg4 fxg4 28.Rf2 Rxf2 29.Kxf2 Kd6
30.Ke3 Rg6 31.Rg2 Rf6 32.Rf2 Rxf2 33.Kxf2 Bd3 34.Ke3 Bc2 35.a5 b6 36.axb6 axb6
37.Kf4 Bd1 38.Nf1 Kc6 39.Ke5 Be2 40.Ne3 Kd7 41.Ng2 Bf3 42.Nf4 Kc6 43.Kxe6 Be4
44.Ke5 Bf3 45.b3 Bd1 46.Nxd5 Bxb3 47.Nf6 Kb5 48.d5 Kc4 49.Nd7 Kxc3 50.Nxb6  1-0

[Event "11th Kesan Open"]
[Site "Edirne TUR"]
[Date "2013.08.27"]
[Round "2.20"]
[White "Aydin,H"]
[Black "Demiroglu,Arsen"]
[Result "0-1"]
[WhiteElo "1809"]
[BlackElo "1530"]

1.d4 Nf6 2.Bg5 d5 3.Bxf6 exf6 4.e3 Bd6 5.Bd3 O-O 6.Qf3 Be6 7.Ne2 c6 8.Nd2 Nd7
9.g4 c5 10.c3 Re8 11.h4 cxd4 12.Nxd4 Ne5 13.Qe2 Bxg4 14.f3 Nxd3+ 15.Qxd3 Bg3+
16.Kf1 Bh5 17.f4 Bg6 18.f5 Bh5 19.Kg2 Be5 20.Rae1 Qd7 21.N2f3 Re7 22.Kf2 Rae8
23.Rhg1 Bc7 24.Rg2 Bb6 25.Reg1 g6 26.fxg6 fxg6 27.Re1 Re4 28.Rg3 Bxf3 29.Kxf3 Bxd4
30.cxd4 Rxh4 31.Reg1 Rh3 32.Rxh3 Qxh3+ 33.Rg3 Qe6 34.Rg4 f5 35.Rf4 Rf8 36.Kf2 g5
37.Rf3 f4 38.exf4 Rxf4 39.Rxf4 gxf4 40.Qb5 Qe3+ 41.Kf1 Qxd4 42.Qxb7 Qd3+
43.Kf2 Qe3+ 44.Kf1 d4 45.Qb8+ Kg7 46.Qxa7+ Kg6 47.Qb6+ Kg5 48.Qd8+ Kg6 49.Qg8+ Kf6
50.Qf8+ Ke5 51.Qg7+ Kd5 52.Qd7+ Kc4 53.Qc6+ Kd3 54.Qb5+ Kc2 55.b4 d3 56.Qc4+ Kd2
57.b5 Qe1+ 58.Kg2 Qg3+ 59.Kf1 Qh3+ 60.Kf2 Qh2+ 61.Kf1 Qh1+ 62.Kf2 Qh2+ 63.Kf1 Qh1+
64.Kf2 Qe1+ 65.Kg2 Qg3+ 66.Kf1 Qf3+ 67.Kg1 Ke2 68.a4 Qe3+ 69.Kh2 f3 70.Qa2+ d2
71.Qc4+ Ke1 72.Qb4 f2 73.b6 f1=Q 74.Qh4+ Qef2+ 75.Qxf2+ Qxf2+  0-1

[Event "Petersburg Summer Blitz 2013"]
[Site "St Petersburg RUS"]
[Date "2013.08.28"]
[Round "5.9"]
[White "Sotsky,A"]
[Black "Kryakvin,D"]
[Result "1/2-1/2"]
[WhiteElo "2384"]
[BlackElo "2573"]

1.d4 Nf6 2.Bg5 d5 3.e3 c5 4.c3 Nc6 5.f4 Bg4 6.Be2 Bxe2 7.Qxe2 e6 8.Nd2 Be7
9.Ngf3 O-O 10.O-O Nd7 11.Bxe7 Qxe7 12.Ne5 Rad8 13.Nxd7 Rxd7 14.Kh1 f6 15.dxc5 Qxc5
16.Nb3 Qb6 17.e4 dxe4 18.Qxe4 Rd6 19.Rad1 Rfd8 20.Rxd6 Rxd6 21.h3 Qa6 22.c4 Qxa2
23.c5 Rd8 24.Qxe6+ Kh8 25.Re1 h6 26.f5 Qxb2 27.Qf7 Ne5 28.Qxb7 Rd3 29.Na5 Qf2
30.Qe4 Rd2 31.Nb3 Rc2 32.Nd4 Rxc5 33.Ne6 Rc8 34.Rd1 Rg8 35.Nf4 a5 36.Rc1 Qd2
37.Rc7 a4 38.Qxa4 Qe1+ 39.Kh2 Qf2 40.Kh1 Rb8 41.Rc1 Qd2 42.Rf1 Rg8  1/2-1/2

[Event "Petersburg Summer Blitz 2013"]
[Site "St Petersburg RUS"]
[Date "2013.08.28"]
[Round "6.1"]
[White "Anisimov,P2"]
[Black "Malakhov,I"]
[Result "1-0"]
[WhiteElo "2538"]
[BlackElo "2434"]

1.d4 Nf6 2.Bg5 d5 3.Nd2 Nbd7 4.e3 e6 5.f4 h6 6.Bh4 Be7 7.Bd3 c5 8.c3 Qb6
9.b3 Qc7 10.Ngf3 b6 11.O-O Bb7 12.Qe2 cxd4 13.cxd4 Rc8 14.f5 e5 15.dxe5 Nxe5
16.Bb5+ Ned7 17.e4 dxe4 18.Bxf6 Bxf6 19.Nxe4 O-O 20.Bxd7 Qxd7 21.Nxf6+ gxf6
22.Rad1 Qxf5 23.Nd4 Qe5 24.Qg4+ Qg5 25.Qh3 Rfe8 26.Rf2 Rcd8 27.Rfd2 Re3 28.Qf5 Re1+
29.Rxe1 Qxd2 30.Qg4+ Kh8 31.Rd1 Qg5 32.Qe2 Qc5 33.Qf2 f5 34.Qe3 Kh7 35.Rd2 Qd5
36.h4 Qe4 37.Qf2 Rg8 38.Qf1 Rg4 39.Nf3 Qe3+ 40.Qf2 Qxf3 41.Qxf3 Bxf3 42.Kh2 Be4
43.g3 f4 44.gxf4 Rxf4 45.Rd4 f5 46.Rd7+ Kg6 47.Rxa7 Rf3 48.b4 Kh5 49.a4 Rc3
50.a5 Kxh4 51.Kg1 Rc2 52.axb6 Bf3 53.b7 Rb2 54.b8=Q Kh3 55.Rh7 h5 56.Qf4 Bg4
57.Re7 Rg2+ 58.Kf1 Ra2 59.Re3+ Kh4 60.Qg3+ Kg5 61.Re8 Ra1+ 62.Re1 Ra2 63.Qe3+ Kh4
64.Qf4 Rb2 65.Kg1 Ra2 66.Rf1 Rb2 67.Rf2 Rb1+ 68.Kh2 Ra1 69.Qh6 Bd1 70.Rf4+  1-0